00170nam a22000737a 4500020001800000100002100018245002300039260003400062 a9780140309577 aAstrid Lindgren  aPippi Longstocking aNew YorkbPenguin Groupc1997